Statistics for Largest Cities In Southern Hemisphere

Click here to take the quiz!

General Stats

  • This quiz has been taken 33 times
  • The average score is 9 of 10

Answer Stats

PopulationAnswer% Correct
12,000,000Rio De Janeiro
100%
12,500,000Buenos Aires
97%
4,500,000Sydney
94%
3,900,000Johannesburg
94%
5,500,000Santiago
90%
17,900,000Sao Paulo
87%
9,000,000Kinshasa
87%
10,190,000Jakarta
84%
4,000,000Melbourne
84%
8,500,000Lima
77%

Score Distribution

Percentile by Number Answered

Percent of People with Each Score

Your Score History

You have not taken this quiz